000 01209nam a2200229Ia 4500
003 Ost
005 20260507075612.0
008 260507s9999||||xx |||||||||||||| ||und||
040 _cfsecg
041 _aara
082 _a332.4044
100 _aالعبودي، عباس
_eمؤلف
245 0 _aالسندات العادية ودورها في الإثبات المدني :
_bدراسة مقارنة بالتشريعات العربية الأجنبية وأحكام القضاء /
_c عباس العبودي
260 _aعمان:
_bالدار العلمية الدولية ومكتبة دار الثقافة,
_c2001
300 _a247 صفحة؛
_bإيضاحات ؛
_c24 سم
490 _aالمكتبة القانونية
_v415
504 _aالمراجع ص.227
520 _aالسندات العادية المعدة للاثباث، شروط انشاء السند العادي، حجية السند العادي في الاثباث، السندات العادية غير المعدة للاثباث، الرسائل والبرقيات، الدفاتر والأوراق غير الموقع عليها
653 _aالأوراق المالية
653 _aالسندات
942 _cكتاب
999 _c45073
_d45073